| 000 | 00839nam a2200277 a 4500 | ||
|---|---|---|---|
| 001 | 000013197 | ||
| 003 | DO-SdBNP | ||
| 005 | 20240411074007.0 | ||
| 008 | 091120s2006 dr 000 j spa d | ||
| 020 | _a9945856707 | ||
| 040 |
_aDO-SdBNP _bspa _cBNPHU |
||
| 082 | 4 |
_aRD863.44 _bV182c _222 |
|
| 100 | 1 |
_aVallejo, Osiris, _d1971- _926801 |
|
| 245 | 1 | 0 |
_aCicatriz / _cOsiris Vallejo ; prólogo Ramón Codina. |
| 260 |
_aSanto Domingo : _bBúho, _c2006. |
||
| 300 |
_a85 p. ; _c22 cm. |
||
| 490 | 1 | _aLince de hechos. Narrativa | |
| 500 | _aIncluye datos biográficos del autor. | ||
| 590 | _aInventariado, 2019/VM | ||
| 650 | 0 |
_aCuentos dominicanos _9176 |
|
| 650 | 4 |
_aLiteratura dominicana _922561 |
|
| 700 | 1 |
_aCodina, Ramón, _epról. _930273 |
|
| 830 | 0 |
_aLince de hechos. Narrativa _930274 |
|
| 910 | _aD/G | ||
| 942 |
_2ddc _cLBS1 |
||
| 999 |
_c12836 _d12836 |
||